Welcome to CU Library Online Public Access Catalogue (OPAC)

BUSINESS COMMUNICATION (Record no. 8891)

MARC details
000 -LEADER
fixed length control field 00408nam a2200181 4500
005 - DATE AND TIME OF LATEST TRANSACTION
control field 20260305113556.0
008 - FIXED-LENGTH DATA ELEMENTS--GENERAL INFORMATION
fixed length control field CU66
020 ## - INTERNATIONAL STANDARD BOOK NUMBER
International Standard Book Number 032403718X
050 ## - LIBRARY OF CONGRESS CALL NUMBER
Classification number HF 5718.H288 KRI
100 ## - MAIN ENTRY--PERSONAL NAME
Personal name KRIZAN A.C.
245 ## - TITLE STATEMENT
Title BUSINESS COMMUNICATION
250 ## - EDITION STATEMENT
Edition statement 5TH
260 ## - PUBLICATION, DISTRIBUTION, ETC.
Place of publication, distribution, etc. AUSTRALIA
Name of publisher, distributor, etc. THOMSON
Date of publication, distribution, etc. 2002
300 ## - PHYSICAL DESCRIPTION
Extent XV,677p.,ILLUS.,TABLES
500 ## - GENERAL NOTE
General note INDEX
700 ## - ADDED ENTRY--PERSONAL NAME
Personal name MERRIER PATRICIA
942 ## - ADDED ENTRY ELEMENTS (KOHA)
Source of classification or shelving scheme Library of Congress Classification
Koha item type Books
Suppress in OPAC No
999 ## -
-- 8891
-- 8891
Holdings
Withdrawn status Lost status Source of classification or shelving scheme Damaged status Not for loan Home library Current library Shelving location Date acquired Total checkouts Full call number Barcode Date last seen Price effective from Koha item type
    Library of Congress Classification     Graduate Library (Christ Temple) Graduate Library (Christ Temple) General stacks 03/05/2026   HF 5718.H288 KRI gsct00002998 03/05/2026 03/05/2026 Books
    Library of Congress Classification     Graduate Library (Christ Temple) Graduate Library (Christ Temple) General stacks 03/05/2026   HF 5718.H288 KRI gsct00002999 03/05/2026 03/05/2026 Books
    Library of Congress Classification     Graduate Library (Christ Temple) Graduate Library (Christ Temple) General stacks 03/05/2026   HF 5718.H288 KRI gsct00003000 03/05/2026 03/05/2026 Books
    Library of Congress Classification     Graduate Library (Christ Temple) Graduate Library (Christ Temple) General stacks 03/05/2026   HF 5718.H288 KRI gsct00003001 03/05/2026 03/05/2026 Books
    Library of Congress Classification     Graduate Library (Christ Temple) Graduate Library (Christ Temple) General stacks 03/05/2026   HF 5718.H288 KRI gsct00003002 03/05/2026 03/05/2026 Books
© 2023-2024 Copyright: Central University Libraries. All Rights Reserved | Created by: Mahone Tech Office